[Event "SVK-ch U10 Girls"]
[Site "Liptovsky Mikulas"]
[Date "2019.04.23"]
[Round "1"]
[White "Haasova, Timea"]
[Black "Paverova, Barbora"]
[Result "1-0"]
[WhiteElo "1322"]
[BlackElo "1106"]
[PlyCount "107"]
[EventDate "2019.04.23"]
[EventType "swiss"]
[EventRounds "9"]
[EventCountry "SVK"]
[SourceTitle "CBM 190 Extra"]
[Source "ChessBase"]
[SourceDate "2019.07.15"]
[SourceVersion "1"]
[SourceVersionDate "2019.07.15"]
[SourceQuality "1"]

1. e4 e5 2. Nc3 Nc6 3. Bc4 Bc5 4. d3 h6 5. Nf3 d6 6. h3 Nf6 7. 0-0 0-0 8. Qe2 Be6 9. Bxe6 fxe6 10. Be3 Bb6 11. Bxb6 cxb6 12. Rad1 d5 13. exd5 exd5 14. Nxe5 Re8 15. Nxc6 bxc6 16. Qf3 d4 17. Ne2 c5 18. Ng3 Qc7 19. Rde1 Rac8 20. Re2 Re7 21. Rfe1 Rce8 22. Rxe7 Rxe7 23. Rxe7 Qxe7 24. Qe2 Qf7 25. b3 a5 26. Qe5 Qg6 27. Qb8+ Kh7 28. Qxb6 Nd7 29. Qxa5 Qe6 30. a3 Qf6 31. Ne4 Qc6 32. Qa4 Qd5 33. Qc4 Qc6 34. a4 Qb6 35. Qd5 Qc7 36. Qf7 Qc6 37. Qh5 Kg8 38. Qe8+ Kh7 39. Ng3 Qc7 40. Qe7 Kg8 41. Nf5 Qe5 42. Qxd7 Qf6 43. Ne7+ Kh7 44. Qf5+ Kh8 45. Qxf6 gxf6 46. a5 Kg7 47. a6 Kf7 48. Nc8 Ke8 49. a7 Kd7 50. a8Q Ke6 51. Qc6+ Kf5 52. Ne7+ Kg5 53. Qd5+ Kf4 54. g3# 1-0

[Event "SVK-ch U08 Girls"]
[Site "Liptovsky Mikulas"]
[Date "2018.04.22"]
[Round "2"]
[White "Paverova, Barbora"]
[Black "Cukerova, Livia"]
[Result "1/2-1/2"]
[WhiteElo "1000"]
[BlackElo "1000"]
[PlyCount "46"]
[EventDate "2018.04.21"]
[EventType "swiss"]
[EventRounds "7"]
[EventCountry "SVK"]
[SourceTitle "CBM 184 Extra"]
[Source "ChessBase"]
[SourceDate "2018.06.28"]
[SourceVersion "1"]
[SourceVersionDate "2018.06.28"]
[SourceQuality "1"]

1. e4 d5 2. Nc3 d4 3. Bb5+ Nc6 4. Nce2 e5 5. d3 Nf6 6. Nf3 Bc5 7. 0-0 Bd7 8. Ng5 Qe7 9. Nf3 0-0-0 10. Bg5 h6 11. Bd2 a6 12. Bc4 Bg4 13. Ne1 Bd7 14. Nf3 g5 15. c3 g4 16. Nh4 Nh7 17. Bd5 Qxh4 18. h3 gxh3 19. cxd4 exd4 20. a3 Be6 21. Bxc6 Qg4 22. g3 Qf3 23. e5 Qg2+ 1/2-1/2